| 000 | 00879nam a2200253Ia 4500 | ||
|---|---|---|---|
| 003 | OSt | ||
| 005 | 20220923225034.0 | ||
| 006 | a|||||r|||| 00| 0 | ||
| 007 | ta | ||
| 008 | 220922b |||||||| |||| 00| 0 hin d | ||
| 024 | _a255,580 | ||
| 037 | _cTextual | ||
| 040 |
_aARTS _cARTS _bhin |
||
| 041 |
_2hin _ahin |
||
| 082 | _aY1:1.2'A, 152K3 | ||
| 100 | _aअग्निहोत्री, प्रभुदयाल | ||
| 245 | 0 | _aपतंजलिकालीन भारत | |
| 246 | _aPatanjalikālīn bhārata | ||
| 260 |
_aपटना _b बिहार राष्ट्रभाषा परिषद _c1963 |
||
| 300 |
_a631पृ. _ccm. |
||
| 650 | _aभारतीय-लोक साहित्य | ||
| 942 |
_hY1:1.2'A, 152K3 _cTEXL _2CC |
||
| 999 |
_c375578 _d375578 |
||